La sociología marxista (Record no. 35557)
[ view plain ]
| 000 -CABECERA | |
|---|---|
| campo de control de longitud fija | 00569cam a22002412a 4500 |
| 001 - NÚMERO DE CONTROL | |
| campo de control | 023640 |
| 003 - IDENTIFICADOR DEL NÚMERO DE CONTROL | |
| campo de control | AR-FADEU |
| 005 - FECHA Y HORA DE LA ÚLTIMA TRANSACCIÓN | |
| campo de control | 20220615132056.0 |
| 008 - DATOS DE LONGITUD FIJA--INFORMACIÓN GENERAL | |
| campo de control de longitud fija | 311216n1993####xxu####################dd |
| 020 ## - ISBN | |
| Número Internacional Estándar del Libro | 84-206-1625-7 |
| 040 ## - FUENTE DE LA CATALOGACIÓN | |
| Centro/agencia transcriptor | Biblioteca Ernesto Sábato |
| 092 ## - SIGNATURA TOPOGRÁFICA | |
| Número de clasificación | 320.532 2 |
| Libristica | B751 |
| Sector | JLS |
| 100 ## - Autor Personal | |
| Nombre de persona | Bottomore, Tom |
| 245 ## - MENCIÓN DE TÍTULO | |
| Título | La sociología marxista |
| 260 ## - PUBLICACIÓN, DISTRIBUCIÓN, ETC. (PIE DE IMPRENTA) | |
| Lugar de publicación, distribución, etc. | Madrid |
| 260 ## - PUBLICACIÓN, DISTRIBUCIÓN, ETC. (PIE DE IMPRENTA) | |
| Nombre del editor, distribuidor, etc. | Alianza |
| 260 ## - PUBLICACIÓN, DISTRIBUCIÓN, ETC. (PIE DE IMPRENTA) | |
| Fecha de publicación, distribución, etc. | 1976 |
| 300 ## - DESCRIPCIÓN FÍSICA | |
| Paginas | 124 p |
| 440 ## - MENCIÓN DE SERIE/PUNTO DE ACCESO ADICIONAL--TÍTULO | |
| Título | Humanidades |
| Número de parte o sección de la obra | 625 |
| 650 ## - Descriptores Tematicos | |
| Término de materia o nombre geográfico como elemento inicial | MARXISMO-SOCIOLOGIA |
| 650 ## - Descriptores Tematicos | |
| Término de materia o nombre geográfico como elemento inicial | JLS |
| 942 ## - ELEMENTOS DE PUNTO DE ACCESO ADICIONAL (KOHA) | |
| Tipo de ítem Koha | JLS |
| Fuente del sistema de clasificación o colocación | Dewey Decimal Classification |
| Estado de retiro | Estado de pérdida | Fuente del sistema de clasificación o colocación | Estado dañado | No para préstamo | Localización permanente | Ubicación/localización actual | Fecha de adquisición | Número de inventario | Total de préstamos | Signatura topográfica completa | Código de barras | Fecha visto por última vez | Precio válido a partir de | Tipo de ítem Koha |
|---|---|---|---|---|---|---|---|---|---|---|---|---|---|---|
| Dewey Decimal Classification | Biblioteca Ernesto Sabato - FADECS - UNCOMA | Biblioteca Ernesto Sabato - FADECS - UNCOMA | 15/06/2022 | 26112 | 320.532 2 B751 | 26112 | 15/06/2022 | 15/06/2022 | JLS |